Revista de derecho (Registro nro. 160062)

Detalles MARC
000 -LEADER
fixed length control field 01463ny a22003373n 4500
008 - FIXED-LENGTH DATA ELEMENTS--GENERAL INFORMATION
fixed length control field 940218c19929999ck fr p glw 0 0spa
010 ## - LIBRARY OF CONGRESS CONTROL NUMBER
LC control number 94655524
022 ## -
-- 0121-8697
035 ## -
-- 2696
040 ## - CATALOGING SOURCE
Original cataloging agency DLC
Transcribing agency DLC
Modifying agency vLex
050 00 -
-- K19
-- .D32513
050 00 -
-- K19
-- .D32513
082 00 -
-- 348.861
-- 348.6108
-- 20
090 ## -
-- 1596
-- 1596
130 0# -
-- Revista de derecho (Barranquilla, Colombia)
245 00 - TITLE STATEMENT
Title Revista de derecho
Medium [Recurso electrónico]
Statement of responsibility, etc División de Ciencias Jurídicas de la Universidad del Norte
246 3# -
-- Ciencias jurídicas
256 ## -
-- Servicio en línea
260 ## - PUBLICATION, DISTRIBUTION, ETC. (IMPRINT)
Place of publication, distribution, etc Barranquilla, Colombia :
Name of publisher, distributor, etc División de Ciencias Jurídicas de la Universidad del Norte
310 ## -
-- Semestral
506 1# - RESTRICTIONS ON ACCESS NOTE
Terms governing access Contenido solo disponible en los productos indicados
Authorized users vLex Global
-- vLex Global (Academic Edition, excluding Law Schools)
-- vLex Global (U.S. Academic Edition, Law Schools)
-- vLex Global (U.S. Academic Edition, excluding Law Schools)
-- vLex Global (Academic Edition, Law Schools)
650 04 - SUBJECT ADDED ENTRY--TOPICAL TERM
Topical term or geographic name as entry element Derecho
General subdivision Publicaciones periódicas
650 04 - SUBJECT ADDED ENTRY--TOPICAL TERM
Topical term or geographic name as entry element Derecho
Geographic subdivision Colombia
General subdivision Publicaciones periódicas
710 2# - ADDED ENTRY--CORPORATE NAME
Corporate name or jurisdiction name as entry element Universidad del Norte (Barranquilla, Colombia).
Subordinate unit División de Ciencias Jurídicas
740 0# -
-- vLex Revista (Servicios en línea)
843 ## -
-- Electrónica. Abierta
853 ## -
-- 1
-- (year)
-- (month)
-- (day)
856 40 - LOCALIZACIÓN Y ACCESO ELECTRÓNICO
Identificador Uniforme del Recurso (URI/URL) http://vlex.com/account/login_ip?fuente_id=2696
942 ## -
-- RAA
999 ## -
-- 160062
-- 160062

No hay ítems disponibles.


CONTACTO


NOSOTROS


SITIOS DE INTERES

coordinacion.biblioteca.biblioteca@unienlinea.mx Misión, Visión y Objetivos Bases de datos
Directorio Bibliotecas Digitales y Repositorios
Normatividad Revistas y artículos
Convenios interbibliotecarios
Boletines



Hecho en México. Universidad Insurgentes (UIN). Todos los derechos reservados 2024. Esta página y sus contenidos pueden ser reproducidos con fines no lucrativos, siempre y cuando no se mutile, se cite la fuente completa y su dirección electrónicas. De otra forma requiere permiso previo por escrito de la institución




2024 Copyright Universidad Insurgentes | www.bibliouin.com.mx